The dictionary of world politics : (Record no. 28601)
[ view plain ]
| 000 -LEADER | |
|---|---|
| fixed length control field | 00575nam a22001817a 4500 |
| 005 - DATE AND TIME OF LATEST TRANSACTION | |
| control field | 20260109083726.0 |
| 008 - FIXED-LENGTH DATA ELEMENTS--GENERAL INFORMATION | |
| fixed length control field | 260109b |||||||| |||| 00| 0 eng d |
| 020 ## - INTERNATIONAL STANDARD BOOK NUMBER | |
| International Standard Book Number | 074501223X |
| 040 ## - CATALOGING SOURCE | |
| Original cataloging agency | MMSU |
| Transcribing agency | ULS |
| 050 ## - LIBRARY OF CONGRESS CALL NUMBER | |
| Classification number | JA 61 E93 1992 REF |
| 100 ## - MAIN ENTRY--PERSONAL NAME | |
| Personal name | Evans, Graham |
| 245 ## - TITLE STATEMENT | |
| Title | The dictionary of world politics : |
| Remainder of title | a reference guide to concepts, ideas and institute |
| Statement of responsibility, etc. | Graham Evans and Jeffrey Newnham |
| 250 ## - EDITION STATEMENT | |
| Edition statement | Revised edition. |
| 260 ## - PUBLICATION, DISTRIBUTION, ETC. | |
| Place of publication, distribution, etc. | New York : |
| Name of publisher, distributor, etc. | Harvester Wheatsheaf ; |
| Date of publication, distribution, etc. | 1992 |
| 300 ## - PHYSICAL DESCRIPTION | |
| Extent | 364 pages : |
| Dimensions | 23 cm. |
| 650 ## - SUBJECT ADDED ENTRY--TOPICAL TERM | |
| Topical term or geographic name entry element | World dictionary |
| 942 ## - ADDED ENTRY ELEMENTS (KOHA) | |
| Source of classification or shelving scheme | |
| Koha item type | Books |
| Withdrawn status | Lost status | Source of classification or shelving scheme | Damaged status | Not for loan | Home library | Current library | Shelving location | Date acquired | Inventory number | Total Checkouts | Full call number | Barcode | Date last seen | Price effective from | Koha item type |
|---|---|---|---|---|---|---|---|---|---|---|---|---|---|---|---|
| MMSU Main Library | MMSU Main Library | Reference Collection | 01/09/2026 | 93-0734 | JA 61 E93 1992 REF | 20882 | 01/09/2026 | 01/09/2026 | Books |